00637 a2200169 4500020001500000040001300015100002400028245006500052260007500117300001300192650002200205650002800227700001600255942002300271999001500294952015800309 a0898713617 aDLCbDLC1 aTrefethen, Lloyd N.10aNumerical linear algebracLloyd N. Trefethen, David Bau III. aPhiladelphia :bSociety for Industrial and Applied Mathematics,c1997. a361 p. : 0aAlgebras, Linear. 0aNumerical calculations.1 aBau, David. cBKk512.5 TRE2ddc c8959d8959 001040708NFICaCLbCLcGENd2006-10-17eProgressive International Agenciesg3389.25l2o512.5 TREpSEECS007653r2025-03-03s2023-10-17w2017-01-05yBK